| 000 | 01373nam a22002777a 4500 | ||
|---|---|---|---|
| 003 | OSt | ||
| 005 | 20260512172223.0 | ||
| 008 | 260512b |||||||| |||| 00| 0 aze d | ||
| 020 | _a9789952343199 | ||
| 040 |
_aAZ-XaKU _baze _cAZ-XaKU |
||
| 041 | 0 | _aaze | |
| 050 | 1 | 4 | _aML420 .M98 .C355 2017 |
| 100 | 1 |
_aÇəmənli, Mustafa _d1947 - ; _emüəllif |
|
| 245 | 1 |
_aMütəllim Mütəllimov _c/ Mustafa Çəmənli |
|
| 264 |
_aBakı: _bŞərq-Qərb, _c2017 |
||
| 300 |
_a120 səhifə ; _bşəkilli ; _c21.5 sm |
||
| 336 |
_atext _btxt _2rdacontent |
||
| 337 |
_aunmediated _bn _2rdamedia |
||
| 338 |
_avolume _bnc _2rdacarrier |
||
| 520 | _aKitabda görkəmli muğam ifaçısı Mütəllim Mütəllimovun həyat və yaradıcılığı araşdırılmış, xanəndənin ifasında günümüzə gəlib çatan "Mirzə Hüseyn sègahı", "Orta Mahur", "Bayatı-Şiraz", "Bayatı-Qacar" muğamları bədii-publisistik dillə təhlil edilmişdir. Müəllif müasir oxucuda Mütəllim Mütəllimovun şəxsiyyəti, bir sənətkar kimi özünəxas keyfiyyətləri haqqında təsəvvür yaratmaq üçün onu yaxından tanıyan, dinləyicisi olan sənət adamlarının xatirələrini qələmə alaraq kitaba əlavə etmişdir. | ||
| 521 | _aÜmumi oxucu kütləsi | ||
| 650 | 7 |
_2AZ-XaKU _amusiqişünaslıq |
|
| 655 | _abioqrafiya | ||
| 942 | _cBOOK | ||
| 999 |
_c432 _d432 |
||